000 00294nam a22001337a 4500
008 170614b xxu||||| |||| 00| 0 eng d
020 _a9781586489366
041 _aeng
080 _a94
100 _a19
101 _aSHP
245 _aTHE LAST GREAT SENATE
_cSHAPIRO.I
942 _2udc
_cBK
999 _c17325
_d17325